000 00344nam a2200157Ia 4500
003 Ost
005 20260225132537.0
008 260225s9999||||xx |||||||||||||| ||und||
040 _cfsic
041 _afre
082 _a341.6
100 _aMarc-boye
_eAuteur
245 0 _aVous avez dit ingérence /
245 0 _cMarc-boye
942 _cكتاب
999 _c33290
_d33290